Chansons francophones des années 80 - Mort subite - Statistiques

Statistiques générales
  • Ce quiz a été pris 1 396 fois
    1 394 depuis la dernière actualisation
  • Le résultat moyen est 3 sur 20
Answers on the Grid
Answers color-coded by a green-red scale on the quiz's grid according to % correct below.
Antisocial - Trust
Couleur menthe à l'eau - Eddy Mitchell
Confidence pour confidence - Jean Schultheis
Chacun fait (C'qui lui plaît) - Chagrin d'amour
L'aventurier - Indochine
Cendrillon - Téléphone
C'est bon pour le moral - La compagnie créole
Le rital - Claude Barzotti
Femme libérée - Cookie Dingler
Marcia Baïla - Les Rita Mitsouko
Mistral Gagnant - Renaud
Macumba - Jean-Pierre Mader
En rouge et noir - Jeanne Mas
Je te promets - Johnny Hallyday
Évidemment - France Gall
C'est l'amour - Léopold Nord et vous
Mon mec à moi - Patricia Kaas
Pourvu qu'elles soient douces - Mylène Farmer
Les valses de Vienne - François Feldman
Casser la voix - Patrick Bruel
Laisse-moi t'aimer - Mike Brant
Pour un flirt - Michel Delpech
Une belle histoire - Michel Fugain, Le Big Bazar
Je suis malade - Serge Lama
Vanina - Dave
L'été indien - Joe Dassin
Cette année-là - Claude François
Rockollection - Laurent Voulzy
Le chanteur - Daniel Balavoine
Laissez-moi danser - Dalida
Le paradis blanc - Michel Berger
Suzette - Dany Brillant
Aimons nous vivants - François Valéry
Foule sentimentale - Alain Souchon
Je t'aimais, je t'aime et je t'aimerai - Francis Cabrel
Pour que tu m'aimes encore - Céline Dion
L'Homme pressé - Noir Désir
Je vis pour elle - Andrea Bocelli, Hélène Ségara
La vie ne m'apprend rien - Liane Foly
 
Statistiques - réponses
Réponse % Correct
1982 L'aventurier - Indochine
26%
1985 Macumba - Jean-Pierre Mader
25%
1984 Femme libérée - Cookie Dingler
23%
1986 En rouge et noir - Jeanne Mas
21%
1985 Mistral Gagnant - Renaud
20%
1982 Cendrillon - Téléphone
19%
1981 Confidence pour confidence - Jean Schultheis
19%
1987 Évidemment - France Gall
17%
1986 Je te promets - Johnny Hallyday
17%
1981 Chacun fait (C'qui lui plaît) - Chagrin d'amour
14%
1984 Marcia Baïla - Les Rita Mitsouko
13%
1988 Pourvu qu'elles soient douces - Mylène Farmer
13%
1989 Casser la voix - Patrick Bruel
11%
1983 C'est bon pour le moral - La compagnie créole
11%
1987 C'est l'amour - Léopold Nord et vous
11%
1988 Mon mec à moi - Patricia Kaas
11%
1980 Antisocial - Trust
10%
1983 Le rital - Claude Barzotti
8%
1989 Les valses de Vienne - François Feldman
8%
1980 Couleur menthe à l'eau - Eddy Mitchell
7%
Aucun quiz correspondant
Distribution des résultats
% des personnes avec chaque résultat
Percentile par nombre de réponses
Votre historique - résultats
Vous n’avez pas pris ce quiz depuis la dernière actualisation